Country Flags But I Had 30 Seconds to Draw Them - Statistics

General Stats
  • This quiz has been taken 1,868 times
  • The average score is 8 of 16
Answer Stats
Picture Answer % Correct
United Kingdom
96%
Egypt
92%
Switzerland
67%
South Africa
59%
Tonga
57%
Nepal
55%
Barbados
54%
Bulgaria
47%
Mali
47%
Guinea Bissau
44%
Tajikistan
44%
Saint Lucia
42%
Thailand
42%
Rwanda
28%
North Korea
26%
Solomon Islands
19%
No matching quizzes found
Score Distribution
Percent of People with Each Score
Percentile by Number Answered
Your Score History
You have not taken this quiz